Statistiques concernant Culture générale par élimination

Cliquez ici pour prendre le quiz!

Statistiques générales

  • Ce quiz a été pris 1 586 fois
    (1 582 depuis la dernière actualisation)
  • Le résultat moyen est 13 sur 24

Statistiques - réponses

Nombre(s) de réponse(s)QuestionRéponse% Correct
12J'ai gagné le ballon d'or France Football Masculin après 2000...
93%
20Ville Française de plus de 150 000 habitants...
93%
8...je termine par une voyelle...
89%
8... je suis européen...
82%
25Je suis un nombre premier inférieur à 100...
81%
24Film d'animation Pixar...
77%
10...mais supérieur à 50...
74%
4...avec au moins un chiffre 9...
73%
1... et un autre plus petit que 6. Je suis...59
68%
4...mais je ne suis pas attaquant...
62%
3...je suis située en Auvergne-Rhône-Alpes...
58%
15Roi Français Capétiens...
57%
10...ne me prénommant pas Louis...
49%
5... j'ai commencé mon règne après l'an 1200...
49%
10...je n'ai qu'un seul volet (pas de suite)...
49%
15Je fais parti des 15 jeux Switch les plus vendus...
46%
1... et j'ai gagné la coupe du monde. Je suis...CANNAVARO
37%
9... ni Mario, ni Luigi n'apparaissent pas dans mon jeu...
36%
4... et je ne suis pas non plus une franchise Pokemon...
35%
3...mon titre n'a que 4 lettres...
29%
1... mais je suis un jeu de simulation de vie. Je suis...ANIMALCROSSING
28%
1...et je suis sorti en 2017. Je suis...COCO
22%
1...mais je ne suis pas le chef-lieu de mon département. Je suis...VILLEURBANNE
19%
1...et suis le dernier roi de la ligné des Capétiens. Je suis...CHARLESIV
6%

Distribution des résultats

Percentile par nombre de réponses

% des personnes avec chaque résultat

Votre développement - résultats

Vous n’avez pas pris ce quiz depuis la dernière actualisation